[Event "US Open-113"]
[Site "Vancouver"]
[Date "2012.08.08"]
[Round "3"]
[White "Jones, Davey V"]
[Black "Ornes, John"]
[Result "0-1"]
[WhiteElo "1567"]
[BlackElo "1117"]
[PlyCount "66"]
[EventDate "2012.08.04"]
[EventType "swiss"]
[EventRounds "9"]
[EventCountry "USA"]
[SourceTitle "CBM 149 Extra"]
[Source "ChessBase"]
[SourceDate "2012.08.24"]
[SourceVersion "1"]
[SourceVersionDate "2012.08.24"]
[SourceQuality "1"]

1. e4 e5 2. Nf3 Nc6 3. Bb5 a6 4. Ba4 Nf6 5. 0-0 Bc5 6. d3 d6 7. h3 0-0 8. Bg5 h6 9. Bh4 b5 10. Bb3 Be6 11. c3 Bxb3 12. axb3 Re8 13. d4 exd4 14. cxd4 Bb6 15. Nc3 g5 16. Bg3 Nxe4 17. Bh2 d5 18. Ne2 Qf6 19. Ne5 Nxe5 20. Bxe5 Rxe5 21. dxe5 Bxf2+ 22. Kh1 Qxe5 23. Qd3 g4 24. hxg4 h5 25. Qf3 Qxb2 26. Rac1 Qxe2 27. Rxf2 Nxf2+ 28. Kg1 Qxf3 29. gxf3 Nh3+ 30. Kg2 Nf4+ 31. Kf1 hxg4 32. fxg4 Rc8 33. Rc6 d4 0-1